00755 2200253 4500001002100000005001700021008004100038020002200079035002500101040001200126082001400138084002000152090002000172100001900192245008300211260003900294300004000333500002700373650003500400850001200435990001800447990001800465990001800483INLIS00000000000284920150416132124.0  a978-4-8053-1321-3 a0010-081400000052362 aYOPDYOG a712.60952 a712.60952 Cla K a712.60952 Cla K aCLANCY, Judith aKyoto gardens :bmasterwarks of the Japanese gardeners artc/ by Judith Clancy aSingaporebTuttle Publishingc2014 a144 hlm.b: ilus. ;c21 cm [3 eks.] aBibliografi : hlm. 143 aArsitektur pertamanan - Jepang aYOPDYOG a10546-PD/B.15 a10547-PD/B.15 a10548-PD/B.15